David Bowie - Breaking Glass (All Lyrics) - Statistics

General Stats
  • This quiz has been taken 47 times
  • The average score is 26 of 35
Answer Stats
Lyrics % Correct
I
97%
a
95%
Breaking
95%
glass
95%
In
87%
you
87%
it
84%
on
82%
the
82%
your
82%
look
79%
at
76%
person
76%
room
76%
wonderful
76%
You're
76%
But
74%
Don't
74%
problems
74%
such
74%
again
71%
awful
71%
been
71%
carpet
71%
I've
71%
something
71%
got
68%
Baby
66%
drew
66%
oh-oh-oh-oh
63%
Listen
61%
touch
61%
I'll
58%
See
58%
never
55%
No matching quizzes found
Score Distribution
Percent of People with Each Score
Percentile by Number Answered
Your Score History
You have not taken this quiz